[Event "Battle Of Alberta"]
[Site "Red Deer CAN"]
[Date "2000.08.12"]
[Round "1"]
[White "Malito, Skylar"]
[Black "Cannon, Gord"]
[Result "1/2-1/2"]
[WhiteElo "1631"]
[BlackElo "1800"]
[PlyCount "141"]
[GameId "2160767911652841"]
[EventDate "2000.08.12"]
[EventType "team"]
[EventRounds "2"]
[EventCountry "CAN"]

1. e4 e5 2. d4 Nf6 3. Bg5 h6 4. Bxf6 Qxf6 5. Nf3 exd4 6. Qxd4 Qxd4 7. Nxd4 Bc5 8. Nb3 Bb6 9. Nc3 Nc6 10. Nd5 O-O 11. c3 Re8 12. f3 f5 13. Nd2 Ne5 14. O-O-O d6 15. Kb1 c6 16. Nxb6 axb6 17. Nb3 Nf7 18. Bd3 fxe4 19. Bxe4 d5 20. Bg6 Re6 21. Bc2 Nd6 22. Rhe1 Bd7 23. Rxe6 Bxe6 24. Re1 Kf7 25. Bg6+ Kf6 26. Nd4 Bd7 27. Bd3 c5 28. Nc2 c4 29. Bf1 Bf5 30. a3 Nf7 31. g4 Bxc2+ 32. Kxc2 Ne5 33. Be2 Re8 34. Kd2 Kg5 35. Rf1 Kf4 36. h4 g5 37. hxg5 hxg5 38. Bd1 b5 39. Kc2 Rh8 40. Rf2 Nc6 41. Re2 Ne5 42. Rd2 Nd3 43. Kb1 Rd8 44. Rh2 Ne5 45. Rh7 Rd7 46. Rh6 Rf7 47. Rd6 Nxf3 48. Rxd5 Kxg4 49. Rxb5 Kg3 50. Bxf3 Kxf3 51. Rxg5 Ke3 52. Ka2 Kd2 53. a4 Kc2 54. Ka3 Rf1 55. Rb5 Ra1+ 56. Kb4 Kxb2 57. Kxc4+ Kc2 58. a5 Rh1 59. Rxb7 Rh4+ 60. Kb5 Kxc3 61. a6 Rh5+ 62. Kb6 Rh6+ 63. Ka7 Kc4 64. Rb6 Rh7+ 65. Ka8 Kc5 66. Rb7 Rh8+ 67. Rb8 Rh7 68. a7 Kc6 69. Rc8+ Kd7 70. Rb8 Kd6 71. Rb7 1/2-1/2

[Event "Battle Of Alberta"]
[Site "Red Deer CAN"]
[Date "2000.08.12"]
[Round "1"]
[White "Milne, Arthur"]
[Black "Haynes, Nicolas"]
[Result "1-0"]
[WhiteElo "1905"]
[BlackElo "1947"]
[PlyCount "87"]
[GameId "2160767911652842"]
[EventDate "2000.08.12"]
[EventType "team"]
[EventRounds "2"]
[EventCountry "CAN"]

1. c4 c6 2. b3 d5 3. Nf3 Bf5 4. g3 Nf6 5. Bg2 e6 6. O-O Nbd7 7. d3 h6 8. Bb2 Bc5 9. Nbd2 O-O 10. a3 a5 11. Ra2 Bh7 12. Qa1 Re8 13. h3 Bd6 14. Bc3 e5 15. Nh4 d4 16. Bb2 Qc7 17. g4 c5 18. Nf5 Bxf5 19. gxf5 e4 20. Nxe4 Nxe4 21. Bxe4 Nf6 22. Bf3 Re5 23. e4 g6 24. Bg2 Re7 25. fxg6 fxg6 26. Bc1 Nh5 27. Bxh6 Rh7 28. Qc1 Bf4 29. Bxf4 Nxf4 30. Re1 Nxh3+ 31. Kf1 Nf4 32. e5 Nxg2 33. Kxg2 g5 34. Rae2 Qc6+ 35. Re4 Re8 36. f3 Qe6 37. Rg4 Ree7 38. Qxg5+ Rhg7 39. Qh5 Qb6 40. Rh1 Rxg4+ 41. fxg4 Qc6+ 42. Kg3 Rg7 43. Qh8+ Kf7 44. Rf1+ 1-0

[Event "Battle Of Alberta"]
[Site "Red Deer CAN"]
[Date "2000.08.12"]
[Round "1"]
[White "Newton, Geoff"]
[Black "Yearwood, Roy"]
[Result "0-1"]
[WhiteElo "2050"]
[BlackElo "2221"]
[PlyCount "154"]
[GameId "2160767911652843"]
[EventDate "2000.08.12"]
[EventType "team"]
[EventRounds "2"]
[EventCountry "CAN"]

1. e4 c5 2. Nf3 d6 3. d4 cxd4 4. Nxd4 Nf6 5. Nc3 g6 6. g3 Bg7 7. Bg2 Bd7 8. O-O Nc6 9. h3 Rc8 10. Be3 Ne5 11. Nd5 Nxd5 12. exd5 Nc4 13. Qf3 O-O 14. Rfe1 Re8 15. Qe2 Nxe3 16. fxe3 Qb6 17. c3 e5 18. dxe6 fxe6 19. Kh2 e5 20. Bd5+ Kh8 21. Nf3 Bh6 22. e4 Rf8 23. Rf1 Bb5 24. c4 Bd7 25. Nh4 Bg5 26. Rxf8+ Rxf8 27. Rf1 Rxf1 28. Qxf1 Qd8 29. Qf7 Bc6 30. Nf3 Be7 31. h4 Qf8 32. Qxf8+ Bxf8 33. Ng5 Be7 34. Ne6 Bd7 35. Kg2 b6 36. Kf3 Bc8 37. Ke3 Kg8 38. Kd3 Kf7 39. Ng5+ Kg7 40. Be6 Ba6 41. Kc3 Kh6 42. Nh3 Kh5 43. Nf2 Bxh4 44. gxh4 Kxh4 45. Kd2 h5 46. Ke3 g5 47. Kf3 g4+ 48. Kg2 Bb7 49. Bf5 Ba6 50. b3 b5 51. cxb5 Bxb5 52. a4 Bc6 53. a5 Bb5 54. Nd1 Kg5 55. Nc3 Bc6 56. Bc8 Kf4 57. b4 Ke3 58. b5 Ba8 59. b6 axb6 60. axb6 Kd4 61. Nb5+ Kc5 62. b7 Bxb7 63. Bxb7 Kxb5 64. Bd5 Kc5 65. Bf7 h4 66. Be6 Kd4 67. Bxg4 Kxe4 68. Kh3 Kf4 69. Kxh4 d5 70. Be6 d4 71. Kh3 Kf3 72. Bd5+ e4 73. Kh2 d3 74. Kg1 d2 75. Bb3 e3 76. Bd5+ Kg3 77. Bb3 e2 0-1

[Event "Battle Of Alberta"]
[Site "Red Deer CAN"]
[Date "2000.08.12"]
[Round "1"]
[White "Nguyen, Kim"]
[Black "Wu, Douglas"]
[Result "1-0"]
[WhiteElo "2046"]
[BlackElo "2007"]
[PlyCount "49"]
[GameId "2160767911652844"]
[EventDate "2000.08.12"]
[EventType "team"]
[EventRounds "2"]
[EventCountry "CAN"]

1. e4 c5 2. Nf3 d6 3. d4 cxd4 4. Nxd4 Nf6 5. Nc3 a6 6. Bg5 e6 7. f4 Be7 8. Qf3 Qa5 9. O-O-O Bd7 10. Bc4 Nc6 11. Bb3 Rc8 12. Rhe1 b5 13. e5 dxe5 14. fxe5 b4 15. Ncb5 Nxe5 16. Rxe5 axb5 17. Nf5 exf5 18. Bxf6 gxf6 19. Qd5 O-O 20. Rxe7 Be6 21. Rxe6 fxe6 22. Qxe6+ Kh8 23. Rd7 Rcd8 24. Qe7 Rxd7 25. Qxf8# 1-0

[Event "Battle Of Alberta"]
[Site "Red Deer CAN"]
[Date "2000.08.12"]
[Round "2"]
[White "Brown, Grant"]
[Black "Haessel, Dale"]
[Result "0-1"]
[WhiteElo "2071"]
[BlackElo "2221"]
[PlyCount "74"]
[GameId "2160767911652846"]
[EventDate "2000.08.12"]
[EventType "team"]
[EventRounds "2"]
[EventCountry "CAN"]

1. d4 Nf6 2. g3 g6 3. Bg2 d5 4. c4 Bg7 5. Nc3 c6 6. Nf3 dxc4 7. Ne5 Be6 8. e4 Nbd7 9. Qe2 Nxe5 10. dxe5 Nd7 11. f4 Nc5 12. O-O Nd3 13. Be3 b5 14. f5 Bc8 15. e6 O-O 16. exf7+ Rxf7 17. fxg6 Rxf1+ 18. Rxf1 hxg6 19. e5 Nxe5 20. Nxb5 Bg4 21. Qd2 cxb5 22. Qd5+ Qxd5 23. Bxd5+ e6 24. Bxa8 Nd3 25. Be4 Be2 26. Rb1 Nxb2 27. Bxg6 a5 28. Kf2 Bg4 29. Bb6 a4 30. Ke3 b4 31. Bc5 b3 32. axb3 axb3 33. Ba3 Nd1+ 34. Kd2 Bc3+ 35. Kc1 Kg7 36. Bc2 bxc2 37. Kxc2 Bf5+ 0-1

[Event "Battle Of Alberta"]
[Site "Red Deer CAN"]
[Date "2000.08.12"]
[Round "2"]
[White "Cannon, Gord"]
[Black "Malito, Skylar"]
[Result "0-1"]
[WhiteElo "1800"]
[BlackElo "1631"]
[PlyCount "70"]
[GameId "2160767911652847"]
[EventDate "2000.08.12"]
[EventType "team"]
[EventRounds "2"]
[EventCountry "CAN"]

1. e4 c5 2. Nf3 d6 3. d4 cxd4 4. Nxd4 g6 5. Be3 Bg7 6. Qd2 Nc6 7. Bc4 Nf6 8. f3 Bd7 9. Nc3 a6 10. Bb3 b5 11. O-O-O Rc8 12. Kb1 Ne5 13. h4 h5 14. Nd5 Nc4 15. Bxc4 bxc4 16. Ne2 Nxd5 17. exd5 Qc7 18. Bd4 Bh6 19. Qc3 O-O 20. Ng3 Rb8 21. Ne4 Rb7 22. Ka1 Rfb8 23. Rb1 Rb5 24. Rhe1 Bf5 25. Nf2 Rxd5 26. g4 hxg4 27. fxg4 Bxc2 28. Qxc2 Rxd4 29. h5 Rd2 30. Qe4 Rxf2 31. hxg6 Bg7 32. gxf7+ Rxf7 33. Rh1 Qb7 34. Qh7+ Kf8 35. Rh2 c3 0-1

[Event "Battle Of Alberta"]
[Site "Red Deer CAN"]
[Date "2000.08.12"]
[Round "2"]
[White "Dean, Tim"]
[Black "Pivovarov, Juraj"]
[Result "1-0"]
[WhiteElo "1871"]
[BlackElo "1845"]
[PlyCount "63"]
[GameId "2160767911652848"]
[EventDate "2000.08.12"]
[EventType "team"]
[EventRounds "2"]
[EventCountry "CAN"]

1. e4 e6 2. d4 d5 3. Nc3 Nf6 4. Bg5 Be7 5. e5 Nfd7 6. h4 Bxg5 7. hxg5 Qxg5 8. Nf3 Qe7 9. Bd3 Nf8 10. Qd2 h6 11. O-O-O Bd7 12. Nh4 c5 13. f4 c4 14. Be2 b5 15. g4 b4 16. Nb1 a5 17. f5 Qd8 18. c3 Na6 19. Rdf1 Rb8 20. f6 g5 21. Nf3 Ng6 22. Rh2 Qb6 23. Rfh1 Ba4 24. Rxh6 Kd7 25. Nxg5 bxc3 26. Nxc3 Bc6 27. Nxf7 Rxh6 28. Rxh6 Nf4 29. Rh7 Kc7 30. Nd6+ Bd7 31. Ncb5+ Kd8 32. Rh8+ 1-0

[Event "Battle Of Alberta"]
[Site "Red Deer CAN"]
[Date "2000.08.12"]
[Round "2"]
[White "Haynes, Nicolas"]
[Black "Milne, Arthur"]
[Result "1/2-1/2"]
[WhiteElo "1947"]
[BlackElo "1905"]
[PlyCount "40"]
[GameId "2160767911652849"]
[EventDate "2000.08.12"]
[EventType "team"]
[EventRounds "2"]
[EventCountry "CAN"]

1. e4 e6 2. d3 d5 3. Nd2 Nc6 4. Ngf3 e5 5. d4 exd4 6. exd5 Qxd5 7. Bc4 Qh5 8. O-O Bd6 9. Ne4 Bg4 10. Nxd6+ cxd6 11. Be2 Bxf3 12. Bxf3 Qc5 13. Bxc6+ bxc6 14. Qg4 Kf8 15. b4 Qd5 16. c4 Qxc4 17. Bf4 Nf6 18. Bxd6+ Kg8 19. Qf4 Rd8 20. Be5 Nd5 1/2-1/2

[Event "Battle Of Alberta"]
[Site "Red Deer CAN"]
[Date "2000.08.12"]
[Round "2"]
[White "Huber, Gregory"]
[Black "Gardner, Robert"]
[Result "0-1"]
[WhiteElo "2351"]
[BlackElo "2303"]
[PlyCount "87"]
[GameId "2160767911652850"]
[EventDate "2000.08.12"]
[EventType "team"]
[EventRounds "2"]
[EventCountry "CAN"]

1. e4 c5 2. Nf3 d6 3. d4 cxd4 4. Qxd4 Nc6 5. Bb5 Bd7 6. Bxc6 Bxc6 7. Nc3 h6 8. O-O Nf6 9. Nd5 e6 10. Nxf6+ Qxf6 11. Qxf6 gxf6 12. Re1 Rg8 13. Nd4 Bd7 14. Bd2 O-O-O 15. Rad1 f5 16. Ba5 b6 17. Bb4 fxe4 18. c4 f5 19. Re3 e5 20. Nb5 Bxb5 21. cxb5 Kd7 22. Ra3 Ra8 23. Kf1 Ke6 24. Rc3 Rg7 25. Rc6 Rd7 26. Ke2 Rb8 27. f3 exf3+ 28. gxf3 Rbd8 29. a4 Rg7 30. Kf2 Be7 31. Rd2 Rdg8 32. Ke2 Rg2+ 33. Kd3 Rxd2+ 34. Bxd2 Kd7 35. a5 Bd8 36. Bxh6 Rh8 37. Be3 Rxh2 38. axb6 axb6 39. Bxb6 Bxb6 40. Rxb6 Rxb2 41. Rb8 Kc7 42. Rf8 Rb3+ 43. Ke2 f4 44. b6+ 0-1

[Event "Battle Of Alberta"]
[Site "Red Deer CAN"]
[Date "2000.08.12"]
[Round "2"]
[White "Kuczaj, Chris"]
[Black "Clark, Alan"]
[Result "1/2-1/2"]
[WhiteElo "1979"]
[BlackElo "1995"]
[PlyCount "126"]
[GameId "2160767911652851"]
[EventDate "2000.08.12"]
[EventType "team"]
[EventRounds "2"]
[EventCountry "CAN"]

1. d4 Nf6 2. Nf3 g6 3. Bg5 Bg7 4. Nbd2 d5 5. c3 O-O 6. e3 Nbd7 7. Bd3 c5 8. Qe2 Qc7 9. Bf4 Qd8 10. h3 b6 11. e4 dxe4 12. Nxe4 Bb7 13. Nxf6+ Nxf6 14. dxc5 Nd5 15. Bg3 Nxc3 16. Qc2 Nd5 17. a3 Rc8 18. O-O Rxc5 19. Qd2 Nf6 20. Qe2 Qa8 21. Ne1 Nh5 22. Bh2 Rd8 23. g4 Nf6 24. Qxe7 Re8 25. Qd6 Ne4 26. Bxe4 Bxe4 27. f3 Bc6 28. Rd1 Rd5 29. Rxd5 Bxd5 30. Qb4 Qc6 31. Qd2 Bc4 32. Rf2 Qc5 33. b4 Qd4 34. Nc2 Qf6 35. Qf4 Qc3 36. Kg2 Bd5 37. Bg3 a5 38. Kh2 Bb3 39. Qd2 Bxc2 40. Qxc3 Bxc3 41. Rxc2 axb4 42. axb4 Bxb4 43. Bf2 Bc5 44. Bxc5 Rc8 45. Kg3 bxc5 46. Kf4 f6 47. Ke4 Kf7 48. Kd5 Rd8+ 49. Kc4 f5 50. Rf2 Kf6 51. f4 h6 52. Rf3 Rd1 53. Kxc5 fxg4 54. hxg4 Rg1 55. f5 Rxg4 56. fxg6+ Kxg6 57. Kd5 h5 58. Ke5 Kg5 59. Rf8 Kh4 60. Kf5 Kg3 61. Ra8 Kh3 62. Ra3+ Rg3 63. Ra1 Rg2 1/2-1/2

[Event "Battle Of Alberta"]
[Site "Red Deer CAN"]
[Date "2000.08.12"]
[Round "2"]
[White "Ottosen, David"]
[Black "Demers, Chris"]
[Result "1/2-1/2"]
[WhiteElo "2107"]
[BlackElo "2266"]
[PlyCount "153"]
[GameId "2160767911652852"]
[EventDate "2000.08.12"]
[EventType "team"]
[EventRounds "2"]
[EventCountry "CAN"]

1. e4 e6 2. d4 d5 3. Nc3 Nf6 4. e5 Nfd7 5. f4 c5 6. Nf3 Nc6 7. Be3 a6 8. Qd2 b5 9. Be2 Qb6 10. Nd1 a5 11. O-O Ba6 12. f5 exf5 13. Nc3 cxd4 14. Nxd4 Nxd4 15. Bxd4 Bc5 16. Rf4 O-O 17. Nxd5 Qa7 18. Ne7+ Kh8 19. Nxf5 Qb6 20. Kh1 Rad8 21. Rg4 Nxe5 22. Bxe5 f6 23. Bd4 Bc8 24. Bxc5 Qxc5 25. Qe3 Qxf5 26. Qe7 g5 27. Bd3 Qd7 28. Re4 Rde8 29. Qxd7 Bxd7 30. Rd4 Bc6 31. Rd6 Rc8 32. Rf1 Kg7 33. h3 Rf7 34. Rf5 Bd7 35. Rfd5 Bc6 36. Rd4 f5 37. Re6 f4 38. Rdd6 Bd7 39. Rh6 Bf5 40. Bxf5 Rxf5 41. Rc6 Rd8 42. Rhd6 Rxd6 43. Rxd6 h5 44. Kg1 g4 45. hxg4 hxg4 46. Kf2 Rc5 47. c3 Rc4 48. Ke2 b4 49. Rd5 bxc3 50. bxc3 Kg6 51. Rxa5 Rxc3 52. a4 Rc2+ 53. Kf1 Ra2 54. Kg1 g3 55. Kf1 Kf6 56. Ra8 Ke5 57. Re8+ Kd4 58. Rd8+ Kc3 59. Rc8+ Kb4 60. Rb8+ Kc5 61. Rc8+ Kd6 62. Rd8+ Kc7 63. Rd4 Rf2+ 64. Kg1 Kb6 65. Rc4 Ka5 66. Rd4 Kb6 67. Rc4 Kb7 68. Rb4+ Kc6 69. a5 Kc5 70. Ra4 Kb5 71. Ra1 Ka6 72. Rf1 Rb2 73. Rxf4 Kxa5 74. Kf1 Kb5 75. Rf3 Rb1+ 76. Ke2 Rb2+ 77. Kf1 1/2-1/2

[Event "Battle Of Alberta"]
[Site "Red Deer CAN"]
[Date "2000.08.12"]
[Round "2"]
[White "South, Fred"]
[Black "Hughey, Micah"]
[Result "1/2-1/2"]
[WhiteElo "2263"]
[BlackElo "2106"]
[PlyCount "85"]
[GameId "2160767911652853"]
[EventDate "2000.08.12"]
[EventType "team"]
[EventRounds "2"]
[EventCountry "CAN"]

1. Nf3 d5 2. g3 c5 3. Bg2 Nf6 4. O-O Nc6 5. c4 e6 6. cxd5 exd5 7. d4 Be7 8. Nc3 O-O 9. Bg5 cxd4 10. Nxd4 h6 11. Be3 Bg4 12. h3 Be6 13. Rc1 Qd7 14. Kh2 Rac8 15. Qa4 Rfd8 16. Rfd1 a6 17. Nxc6 Rxc6 18. Bd4 b5 19. Qb3 Rdc8 20. Bxf6 Bxf6 21. Bxd5 Qa7 22. e3 Bxd5 23. Rxd5 Rc4 24. Rcd1 Bxc3 25. bxc3 Rxc3 26. Rd8+ Kh7 27. Qb1+ g6 28. R1d7 R8c7 29. Qd1 Rxd7 30. Rxd7 Rc7 31. Rd8 Qc5 32. Qf3 Qc6 33. Qf4 Rd7 34. Re8 Kg7 35. e4 Rd6 36. Qe5+ Rf6 37. Kg2 Qc2 38. Qd4 Qe2 39. Qc5 Qf3+ 40. Kg1 Qd1+ 41. Kh2 Qd6 42. Qe3 Qb6 43. Qxb6 1/2-1/2

[Event "Battle Of Alberta"]
[Site "Red Deer CAN"]
[Date "2000.08.12"]
[Round "2"]
[White "Weis, Rod"]
[Black "Climenhaga, Harold"]
[Result "0-1"]
[WhiteElo "1881"]
[BlackElo "1874"]
[PlyCount "60"]
[GameId "2160767911652854"]
[EventDate "2000.08.12"]
[EventType "team"]
[EventRounds "2"]
[EventCountry "CAN"]

1. d4 Nf6 2. c4 e6 3. Nc3 Bb4 4. e3 O-O 5. Bd3 c5 6. Nge2 d5 7. cxd5 exd5 8. O-O Nc6 9. a3 Bxc3 10. Nxc3 cxd4 11. exd4 Bg4 12. f3 Bh5 13. Bg5 Bg6 14. Bb5 Rc8 15. Re1 a6 16. Bxc6 Rxc6 17. Re5 Rd6 18. Qb3 b5 19. Rd1 h6 20. Bxf6 gxf6 21. Rxd5 Re8 22. Rxd6 Qxd6 23. Qd5 Qe7 24. Ne4 f5 25. Nc3 Qe3+ 26. Kf1 f4 27. g4 Bc2 28. Ra1 Bd3+ 29. Kg2 Qd2+ 30. Kh1 Re1+ 0-1

[Event "Battle Of Alberta"]
[Site "Red Deer CAN"]
[Date "2000.08.12"]
[Round "2"]
[White "Wu, Douglas"]
[Black "Nguyen, Kim"]
[Result "0-1"]
[WhiteElo "2007"]
[BlackElo "2046"]
[PlyCount "62"]
[GameId "2160767911652855"]
[EventDate "2000.08.12"]
[EventType "team"]
[EventRounds "2"]
[EventCountry "CAN"]

1. d4 Nf6 2. c4 e6 3. Nf3 b6 4. g3 Bb7 5. Bg2 Bb4+ 6. Bd2 Bxd2+ 7. Nbxd2 O-O 8. O-O Qe7 9. Qc2 c5 10. e3 Nc6 11. Rad1 Rac8 12. a3 cxd4 13. exd4 d5 14. c5 a5 15. Rfe1 Nd7 16. Qb3 Ba6 17. cxb6 Rb8 18. Qe3 Rxb6 19. Rc1 a4 20. Rc2 Na5 21. Ne5 Nxe5 22. Qxe5 Qb7 23. Rc7 Qb8 24. Rec1 Nc4 25. Nxc4 Bxc4 26. Bh3 Rxb2 27. Bxe6 Re2 28. Bxf7+ Rxf7 29. Qxe2 Bxe2 30. Rc8+ Rf8 31. Rxb8 Rxb8 0-1

[Event "Battle Of Alberta"]
[Site "Red Deer CAN"]
[Date "2000.08.12"]
[Round "2"]
[White "Yearwood, Roy"]
[Black "Newton, Geoff"]
[Result "1-0"]
[WhiteElo "2221"]
[BlackElo "2050"]
[PlyCount "147"]
[GameId "2160767911652856"]
[EventDate "2000.08.12"]
[EventType "team"]
[EventRounds "2"]
[EventCountry "CAN"]

1. c4 f5 2. Nc3 Nf6 3. g3 g6 4. Bg2 Bg7 5. Nh3 e5 6. O-O O-O 7. d4 e4 8. f3 exf3 9. Bxf3 d6 10. Nf4 Nc6 11. e3 a5 12. Bd2 Bd7 13. Rc1 Qe8 14. Ncd5 Qd8 15. a3 Ne7 16. Nxe7+ Qxe7 17. Bxb7 Rab8 18. Nd5 Nxd5 19. Bxd5+ Kh8 20. b4 axb4 21. axb4 Bh6 22. Re1 Rbe8 23. Qf3 Qg7 24. c5 Bg5 25. cxd6 cxd6 26. Rc7 Re7 27. Ra1 f4 28. gxf4 Bxf4 29. Ra8 Rxa8 30. Bxa8 Bg5 31. Bd5 Qh6 32. Rc3 Re8 33. Ra3 Rf8 34. Ra8 Be8 35. Qe4 Bb5 36. Qe6 Rxa8 37. Bxa8 Qf8 38. Bg2 Bh4 39. Qa2 Qf2+ 40. Kh1 Qe2 41. Qa8+ Kg7 42. Qb7+ Kh6 43. Qf3 Qf2 44. Qxf2 Bxf2 45. Bd5 Kg7 46. Kg2 Bh4 47. e4 Bf6 48. Bc3 Kf8 49. e5 dxe5 50. dxe5 Be7 51. Kf3 g5 52. Ke4 h5 53. Kd4 g4 54. Be6 Be2 55. Bd7 Bf3 56. b5 h4 57. Ke3 Bc5+ 58. Kf4 Be2 59. Be1 Bg1 60. Bxh4 Bxh2+ 61. Bg3 Bg1 62. Kf5 Bc5 63. e6 Bf3 64. Bc6 Ke7 65. Bh4+ Kf8 66. Bf6 Bb4 67. Bd4 Bd6 68. Bxf3 gxf3 69. b6 Ke7 70. Bf6+ Ke8 71. Bh4 Bc5 72. b7 Ba7 73. Ke4 Bb8 74. Kxf3 1-0

[Event "Beloeil CC-ch"]
[Site "Beloeil CAN"]
[Date "2000.09.26"]
[Round "1"]
[White "Campbell, Martin-Alexandre"]
[Black "Charest, Johanne"]
[Result "0-1"]
[WhiteElo "1039"]
[BlackElo "1921"]
[PlyCount "94"]
[GameId "2160767911644203"]
[EventDate "2000.09.26"]
[EventType "swiss"]
[EventRounds "6"]
[EventCountry "CAN"]

1. d4 d5 2. c4 e6 3. Bf4 c5 4. e3 Nc6 5. cxd5 exd5 6. Bb5 Nf6 7. Nf3 Qa5+ 8. Nc3 Ne4 9. Bxc6+ bxc6 10. Rc1 Ba6 11. Nd2 Nxc3 12. bxc3 cxd4 13. exd4 Ba3 14. Rc2 O-O 15. Nf3 Rfe8+ 16. Be3 Rab8 17. Nd2 Bd3 18. Nb3 Bxc2 19. Qxc2 Qb5 20. Nd2 Qb2 21. Qd1 Qxc3 22. O-O Rb2 23. Nb1 Qb4 24. Nxa3 Qxa3 25. Bc1 Qxa2 26. Bxb2 Qxb2 27. Qa1 Qxa1 28. Rxa1 Re4 29. Rb1 g6 30. Ra1 Rxd4 31. f3 Rc4 32. Rxa7 Rc2 33. Rc7 d4 34. Kf1 c5 35. h4 d3 36. Ke1 c4 37. Kd1 Kf8 38. g4 Ke8 39. Rc8+ Kd7 40. Rc5 Kd6 41. Rc8 Ke5 42. Rc7 Kd4 43. Rxf7 Kc3 44. Rd7 Ra2 45. Ke1 Ra1+ 46. Kf2 d2 47. Ke2 Re1+ 0-1

[Event "Beloeil CC-ch"]
[Site "Beloeil CAN"]
[Date "2000.10.03"]
[Round "2"]
[White "Charest, Johanne"]
[Black "Boulay, David"]
[Result "1/2-1/2"]
[WhiteElo "1921"]
[BlackElo "2132"]
[PlyCount "89"]
[GameId "2160767911644205"]
[EventDate "2000.09.26"]
[EventType "swiss"]
[EventRounds "6"]
[EventCountry "CAN"]

1. e4 c5 2. Nc3 Nc6 3. f4 g6 4. Bc4 Bg7 5. Nf3 e6 6. O-O Nge7 7. d3 d5 8. Bb3 dxe4 9. dxe4 Qxd1 10. Nxd1 O-O 11. c3 b6 12. Nf2 Ba6 13. Rd1 Be2 14. Rd7 Rfd8 15. Rxd8+ Rxd8 16. Be3 e5 17. Ng5 Rf8 18. Re1 Ba6 19. Rd1 c4 20. Bc2 exf4 21. Bxf4 Rd8 22. Rxd8+ Nxd8 23. Ng4 Bc8 24. Ne3 Ne6 25. Nxe6 Bxe6 26. Ba4 a6 27. Kf2 b5 28. Bc2 Kf8 29. Ke2 Ke8 30. Kd2 Kd7 31. b4 Kc6 32. Bd1 f6 33. Bf3 Kd7 34. Nd5 Bxd5 35. exd5 Nc8 36. d6 Nxd6 37. Bxd6 Kxd6 38. Bb7 a5 39. bxa5 Kc5 40. Bc8 Bh6+ 41. Kc2 Bf4 42. h3 Bc7 43. a6 Kb6 44. Bb7 Bg3 45. Bc8 1/2-1/2

[Event "Beloeil CC-ch"]
[Site "Beloeil CAN"]
[Date "2000.10.10"]
[Round "3"]
[White "Boulay, David"]
[Black "Leveille, Francois"]
[Result "0-1"]
[WhiteElo "2082"]
[BlackElo "2331"]
[PlyCount "54"]
[GameId "2160767911644206"]
[EventDate "2000.09.26"]
[EventType "swiss"]
[EventRounds "6"]
[EventCountry "CAN"]
[SourceTitle "EXT 2004"]
[Source "ChessBase"]
[SourceDate "2003.11.25"]
[SourceVersion "1"]
[SourceVersionDate "2003.11.25"]
[SourceQuality "1"]

1. e4 c5 2. Nf3 Nc6 3. d4 cxd4 4. Nxd4 Nf6 5. Nc3 e5 6. Ndb5 d6 7. Bg5 a6 8. Na3 b5 9. Nd5 Be7 10. Bxf6 Bxf6 11. c3 Rb8 12. Nc2 Bg5 13. Be2 a5 14. b4 O-O 15. a4 bxa4 16. b5 Ne7 17. Nxe7+ Qxe7 18. Rxa4 Be6 19. c4 Qb7 20. Qd3 Bd8 21. Ne3 Bb6 22. O-O Qa7 23. Qd2 Ra8 24. Rfa1 Qe7 25. h3 Qg5 26. Nf1 Qh4 27. Qd3 Qxf2+ 0-1

[Event "Beloeil CC-ch"]
[Site "Beloeil CAN"]
[Date "2000.10.10"]
[Round "3"]
[White "Charest, Johanne"]
[Black "Tomb, Maroun"]
[Result "1-0"]
[WhiteElo "1921"]
[BlackElo "2200"]
[PlyCount "67"]
[GameId "2160767911644207"]
[EventDate "2000.09.26"]
[EventType "swiss"]
[EventRounds "6"]
[EventCountry "CAN"]

1. e4 c5 2. Nc3 Nc6 3. f4 g6 4. Nf3 Bg7 5. Bc4 e6 6. f5 Nge7 7. fxe6 fxe6 8. d3 d5 9. Bb3 b5 10. a3 Nd4 11. Ba2 b4 12. axb4 cxb4 13. Nxd4 Bxd4 14. Ne2 Bb6 15. exd5 Nxd5 16. Nf4 O-O 17. Qg4 Qf6 18. Nxd5 Qf2+ 19. Kd1 exd5 20. Bxd5+ Kg7 21. Qe4 Re8 22. Qf3 Bg4 23. Qxg4 Rad8 24. Be4 Rd4 25. Re1 b3 26. Qe2 bxc2+ 27. Qxc2 Qh4 28. Bd2 Qg4+ 29. Bf3 Rxe1+ 30. Bxe1 Qd7 31. Bc3 Kh6 32. Qd2+ g5 33. Bxd4 Qxd4 34. Rc1 1-0

[Event "Beloeil CC-ch"]
[Site "Beloeil CAN"]
[Date "2000.10.10"]
[Round "3"]
[White "Dubois, Julien"]
[Black "Neacsu, Catalin"]
[Result "1-0"]
[WhiteElo "1746"]
[BlackElo "1986"]
[PlyCount "109"]
[GameId "2160767911644208"]
[EventDate "2000.09.26"]
[EventType "swiss"]
[EventRounds "6"]
[EventCountry "CAN"]
[SourceTitle "EXT 2004"]
[Source "ChessBase"]
[SourceDate "2003.11.25"]
[SourceVersion "1"]
[SourceVersionDate "2003.11.25"]
[SourceQuality "1"]

1. e4 e6 2. d4 d5 3. e5 c5 4. c3 Nc6 5. Nf3 Qb6 6. Be2 Nge7 7. O-O cxd4 8. cxd4 Nf5 9. Nc3 Nfxd4 10. Nxd4 Qxd4 11. Qxd4 Nxd4 12. Bd3 Bd7 13. f4 Bc5 14. Kh1 Nc6 15. Bd2 a6 16. Rac1 Bd4 17. Ne2 Bb6 18. Rc3 Nb4 19. Rb3 Nxd3 20. Rxb6 Bc6 21. Nd4 Rc8 22. Rf3 Nc5 23. Nxc6 Rxc6 24. Rxc6 bxc6 25. Bb4 Ne4 26. Ra3 c5 27. Rxa6 Kd7 28. Ba3 Rc8 29. Kg1 Rc6 30. Ra7+ Rc7 31. Ra6 Kc8 32. Rb6 d4 33. Kf1 d3 34. Ke1 d2+ 35. Kd1 Rd7 36. Bxc5 Nxc5 37. Rc6+ Rc7 38. Rxc7+ Kxc7 39. Kxd2 Kc6 40. b3 f6 41. exf6 gxf6 42. Kc3 Ne4+ 43. Kd4 Nd6 44. g4 Nb5+ 45. Kc4 Nc7 46. g5 f5 47. Kd4 Kd6 48. Ke3 Nd5+ 49. Kf3 Nb4 50. a4 Nc6 51. Ke3 Kc5 52. h4 Kb4 53. h5 Kxb3 54. g6 hxg6 55. h6 1-0

[Event "Beloeil CC-ch"]
[Site "Beloeil CAN"]
[Date "2000.10.10"]
[Round "3"]
[White "Tessier, Olivier"]
[Black "Gilman, Arkadiy"]
[Result "1-0"]
[WhiteElo "2001"]
[BlackElo "2199"]
[PlyCount "111"]
[GameId "2160767911644209"]
[EventDate "2000.09.26"]
[EventType "swiss"]
[EventRounds "6"]
[EventCountry "CAN"]
[SourceTitle "EXT 2004"]
[Source "ChessBase"]
[SourceDate "2003.11.25"]
[SourceVersion "1"]
[SourceVersionDate "2003.11.25"]
[SourceQuality "1"]

1. e4 e6 2. d4 d5 3. Nd2 Nf6 4. e5 Nfd7 5. Bd3 c5 6. c3 Nc6 7. Ne2 a5 8. f4 g6 9. O-O a4 10. Nf3 cxd4 11. Nexd4 Nc5 12. Bc2 Be7 13. Be3 Bd7 14. Qe1 Qb6 15. b4 axb3 16. axb3 Rxa1 17. Qxa1 Nxd4 18. Bxd4 Qa6 19. b4 Qxa1 20. Rxa1 Na6 21. Bd3 Bc8 22. Bb5+ Kf8 23. Bb6 Kg7 24. Nd4 Bd8 25. Bxd8 Rxd8 26. Nc6 Rd7 27. Na7 Rc7 28. Ra3 Nb8 29. Kf2 Nc6 30. Bxc6 bxc6 31. Nxc8 Rxc8 32. Ra5 g5 33. g3 gxf4 34. gxf4 f6 35. Rc5 fxe5 36. fxe5 Rf8+ 37. Ke3 Rf5 38. Rxc6 Rxe5+ 39. Kd4 Kf6 40. b5 Re2 41. b6 Rb2 42. Kc5 Ke5 43. Rc7 Rb3 44. b7 h5 45. Rf7 Ke4 46. c4 dxc4 47. Kxc4 Rb1 48. Kc5 e5 49. Kc6 Kd3 50. Rf5 Rc1+ 51. Kd5 Rb1 52. Rf3+ Ke2 53. Rf7 Rb5+ 54. Kc6 Rb4 55. Re7 Kf3 56. Rxe5 1-0